Tesoros

Reflejos de la identidad chilena a través de las ferias libres de Chile, entre cachureos y tesoros. Relato coral de los trabajadores de ferias, sus circunstancias y vidas, a través del ciclo de los objetos que recolectan de la basura para colocar en sus puestos, souvenirs de una vida de consumismo....

Full description

Bibliographic Details
Main Author: Sepúlveda Furtado, Flavia
Other Authors: Díaz Berríos, Susana (profesora guía)
Format: Tesis
Language:Spanish
Published: Santiago, Chile: Universidad Academia de Humanismo Cristiano, 2021.
Subjects:

MARC

LEADER 00000ngm a22000007a 4500
001 000321
003 UAHC_CL
005 20221216142526.0
008 221014s2021 cl o d 000 m|spa
040 |a UAHC_CL  |c UAHC_CL  |d UAHC_CL 
100 |a Sepúlveda Furtado, Flavia  |9 16127 
245 |a Tesoros  |c Flavia Sepúlveda; profesora guía Susana Díaz Berríos. 
260 |a Santiago, Chile:  |b Universidad Academia de Humanismo Cristiano,  |c 2021. 
300 |a 1 videograbación (1.38 minutos)  |e : Informe descriptivo del proceso creativo (19 páginas) 
500 |a Tesis para optar al grado de Licenciado/a en Cine Documental. 
502 |a  Tesis (Licenciatura en Cine Documental) -- Universidad Academia de Humanismo Cristiano, 2021. 
516 |a Tesis electrónica (Video y PDF). Solicitar envío del material a biblioteca@academia.cl.  
520 |a Reflejos de la identidad chilena a través de las ferias libres de Chile, entre cachureos y tesoros. Relato coral de los trabajadores de ferias, sus circunstancias y vidas, a través del ciclo de los objetos que recolectan de la basura para colocar en sus puestos, souvenirs de una vida de consumismo. Las pasiones, los chistes la organización de los feriantes. Destellos de realidad, hacia las clases bajas de Chile que viven de la basura de clases altas. 
650 0 |a Cine documental   |z Chile  |9 5204 
700 |9 1247  |a Díaz Berríos, Susana  |e profesora guía 
900 |a TLCID 96 
942 |c TS 
952 |0 0  |1 0  |4 0  |6 TLCID_96_000000000000000  |7 0  |8 COMP  |9 95905  |a BC  |b BC  |c Digital  |d 2022-10-13  |o TLCID 96  |r 2022-10-13 00:00:00  |w 2022-10-13  |y TS  |z Formato digital  |B LCD 
999 |c 59721  |d 59721